Catalog

Record Details

Catalog Search



The coldest girl in Coldtown  Cover Image CD Audiobook CD Audiobook

The coldest girl in Coldtown / by Holly Black.

Black, Holly. (Author). Lakin, Christine, 1979- (Added Author).

Summary:

When seventeen-year-old Tana wakes up following a party in the aftermath of a violent vampire attack, she travels to Coldtown, a quarantined Massachusetts city full of vampires, with her ex-boyfriend and a mysterious vampire boy in tow.

Record details

  • ISBN: 9781478924692
  • ISBN: 1478924691
  • Physical Description: 10 audio discs (720 min.) : digital ; 4 3/4 in.
  • Edition: Unabridged.
  • Publisher: New York, NY : Hachette Audio, 2013.

Content descriptions

General Note:
Title from container.
Compact disc.
Duration: 12:00:00.
Participant or Performer Note:
Read by Christine Lakin.
Subject: Vampires > Fiction.
Romance fiction.
Massachusetts > Fiction.
Genre: Audiobooks.

LDR 01572nim a2200421Ia 4500
001153674
003CONS
00520200221120908.0
007sd fungnnmmneu
008130620s2013 nyunnnnd f n eng d
020 . ‡a9781478924692 ‡q(sound recording)
020 . ‡a1478924691 ‡q(sound recording)
035 . ‡a(CPomAG)LMN616201
043 . ‡an-us-ma
050 4. ‡aPZ7.B52878 ‡bCo 2013ab
08204. ‡a[Fic] ‡223
1001 . ‡aBlack, Holly.
24514. ‡aThe coldest girl in Coldtown / ‡cby Holly Black.
250 . ‡aUnabridged.
260 . ‡aNew York, NY : ‡bHachette Audio, ‡c2013.
300 . ‡a10 audio discs (720 min.) : ‡bdigital ; ‡c4 3/4 in.
306 . ‡a120000
336 . ‡aspoken word ‡bspw ‡2rdacontent
337 . ‡aaudio ‡bs ‡2rdamedia
338 . ‡aaudio disc ‡bsd ‡2rdacarrier
500 . ‡aTitle from container.
500 . ‡aCompact disc.
500 . ‡aDuration: 12:00:00.
5110 . ‡aRead by Christine Lakin.
520 . ‡aWhen seventeen-year-old Tana wakes up following a party in the aftermath of a violent vampire attack, she travels to Coldtown, a quarantined Massachusetts city full of vampires, with her ex-boyfriend and a mysterious vampire boy in tow.
650 0. ‡aVampires ‡vFiction.
650 0. ‡aRomance fiction.
651 0. ‡aMassachusetts ‡vFiction.
655 7. ‡aAudiobooks. ‡2lcgft
7001 . ‡aLakin, Christine, ‡d1979-
914 . ‡aSCP_LP
959 . ‡i32269001145781 ‡lYA BK/CD Bla ‡aYoung Adult - Audiobook ‡tAudiobook ‡g50.00
852 . ‡p32269001145781 ‡jYA BK/CD Bla ‡gYoung Adult - Audiobook ‡cAudiobook ‡y50.00 ‡bSBPL
901 . ‡a153674 ‡bUnknown ‡c153674 ‡tbiblio

Additional Resources